000 00823nam a22002657a 4500
005 20251108173109.0
008 250721s2004 xx 000 0 ara d
020 _a9773560805
082 1 4 _a371.91/صعو
100 1 _aتوفيق، خالد محمود
_etran.
245 1 0 _aالصعوبات الحسية /
264 1 _aالقاهرة :
_bدار هلا للنشر،
_c2004.
300 _a102ص
490 0 _aسلسلة ذوي الإحتياجات الخاصة
650 1 7 _aصعوبات التعلم
650 1 7 _aسيكولوجية الأطفال
650 1 7 _aالتعليم قبل المدرسة
650 1 7 _aرعاية الطفولة
650 1 7 _aبطء التعلم
650 1 7 _aالتربية الخاصة
650 1 7 _aالصم
650 1 7 _aالبكم
942 _2ddc
_cBK
999 _c95975
_d95975